000 01026nab a22002657a 4500
999 _c6398
_d6398
003 OSt
005 20260201175557.0
008 190506c xxu||||| |||| 00| 0 spa d
040 _cPJ
100 _94182
_aDíaz, Viviana Laura
245 1 3 _aTecnoderecho, empleo y habilidades verdes. Un trinomio sustentable /
_cViviana Laura Díaz, Silvana Millán y Alberto Eduardo Fantin.
260 _aBuenos Aires :
_bAbeledoPerrot,
_c2023.
300 _ap. 3-5
500 _aCita: TR LALEY AR/DOC/2350/2023
505 _t¿Te interesa el texto completo? Comunicate al correo: koha@justierradelfuego.gov.ar
650 0 _91316
_aDERECHO LABORAL
650 0 _9281
_aINTERNET
650 0 _95817
_aINTELIGENCIA ARTIFICIAL
650 0 _92
_aINFORMÁTICA
650 0 _91323
_aCONTRATO DE TRABAJO
700 _97036
_aMillán, Silvana
700 _97037
_aFantin, Alberto Eduardo
773 0 _02751
_93202
_dBuenos Aires : AbeledoPerrot, 2013-
_tRevista de derecho laboral y seguridad social. Nº 21 - Noviembre 2023
942 _2udc
_cANA